| 000 | 00796nam a22002177a 4500 | ||
|---|---|---|---|
| 005 | 20180612103423.0 | ||
| 010 | _a1718EN-30 ENG-121974 B-688347-359 | ||
| 020 |
_a9788129145369 _c195.00 |
||
| 035 | _aEN-105506 | ||
| 035 | _aB-688347-359 | ||
| 037 |
_bAakar _adpl |
||
| 037 | _bDBAD/PUB | ||
| 082 | _a230.33 | ||
| 100 | _aYogananda, Paramhansa | ||
| 245 |
_aAutobiography of Yogi / _cby Paramhansa Yogananda |
||
| 260 |
_aNew Delhi _bRupa Pub. _c2017 |
||
| 270 |
_a7/16, Ansari Road, Daryaganj, _bNew Delhi _e110002 |
||
| 300 |
_axii,508p. _c17cm(pbk) |
||
| 942 |
_2ddc _cEN _mYOG _h230.33 |
||
| 999 |
_c144784 _d144784 |
||